000 00463nam a2200169Ia 4500
005 20260427102037.0
008 231207s9999 xx 000 0 und d
020 _a9780349114576
040 _cPK-LaNCA
082 _a080
_bLEB
100 _aLebert, Stephen
245 0 _aMy father's keeper: the children of the Nazi leaders-an intimate history of dameg adn denial
260 _bAbacus
_aLondon
_c2001
300 _a243p
650 _aInterviews
942 _cBK
999 _c15948
_d15948